000 00359nam a22001457a 4500
020 _a9780201581930
040 _cNust
082 _a620.103
_bBED
100 _aBedford
_9127357
110 _aFowler
_9127358
245 _aStatistics
_bEngineering mechanics
260 _aNew York:
_bAddison Wesley,
_c1994.
650 _aStatistics
_969
942 _2ddc
_cBK
999 _c612499
_d612499